000 00725nam a2200265Ia 4500
003 OSt
005 20220928125434.0
006 a|||||r|||| 00| 0
007 ta
008 220927b |||||||| |||| 00| 0 eng d
024 _a43550
037 _cTextual
040 _aSDCL
_cSDCL
_beng
041 _2eng
_aeng
082 _aL72:2, P2
100 _aToga Arthur W Ed.
_9454695
245 0 _aBrain mapping
_b The methods.
250 _a2
260 _aAmsterdam
_bAcademic Press
_c2002
300 _axvii,877p.
_ccm.
650 _aBrain Function
700 _a Mazziotta John C Ed.
_9469560
942 _hL72:2, P2
_cTEXL
_2CC
999 _c782250
_d782250